| 000 | 00592nam a2200205 a 4500 | ||
|---|---|---|---|
| 001 | 565 | ||
| 003 | CDMR | ||
| 005 | 20131126110844.0 | ||
| 008 | 130130s1988||||||||||||||||||||||||||||d | ||
| 020 | _a8425213606 | ||
| 040 |
_aCDMR _bcat _cCDMR |
||
| 100 | 1 |
_aGuillamet, Jaime _9417 |
|
| 245 | 1 | 0 |
_aConocer la prensa _b: introducción a su uso en la escuela _cJaume Guillamet |
| 260 |
_aBarcelona _c1988 _bGustavo Gili |
||
| 300 |
_a141 p. _bil. b/n |
||
| 490 | 0 | _aMedios de comunicación en la enseñanza | |
| 650 | 0 | 4 |
_92722 _aPremsa escolar |
| 650 | 0 | 4 |
_94387 _aPremsa i educació |
| 942 |
_cMON _2ddc |
||
| 999 |
_c565 _d565 |
||